1008 1652 1990 1457 1311 1077 1747 1679 1651 1643 1544 1943 1764 1545 1609 1528 1239 1236 1925 1350 1021 1710 1020 1183 1973 1399 1950 1592 1042 1669 1096 1269 1375 1565 1199 1536 1343 1990 1634 1033 1999 1122 1776 1660 1851 1469 1525 1283 1244 1200 1763 1665 1982 1468 1826 1221 1936 1772 1057 1529 1761 1855 1736 1187 1986 1423 1124 1854 1742 1721 1825 1392 1285 1471 1595 1250 1998 1643 1242 1712 1217 1977 1223 1448 1152 1532 1110 1737 1086 1739 1208 1038 1094 1938 1510 1565 1786 1069 1371 BCNSPRNW ULIB Ver.6.0+V

เปลี่ยนเป็นภาษาไทย

Change to English
 แสดงรายละเอียดบรรณานุกรม
  กลับหน้าหลัก

Brief Record : Get Marc (ISO 2709) : E-mail record : QR code < ปิดหน้าต่าง
LEADER : 00000nam 2200000uu 4500
001    13399113600
003     ULIB
008    111128s2551||||th 000 0 tha d
020    ^a9789741367979
090    ^aนว.^bณ111ร 2551
100 0  ^aฌามิวอาห์&เจ้าหญิงผู้เลอโฉม
245 00 ^aTi Amo...รักเธอรสช็อกโกแลต/^cฌามิวอาห์&เจ้าหญิงผู้เลอโฉม
250    ^aพิมพ์ครั้งที่ 1
260    ^aกรุงเทพฯ :^bแจ่มใส,^c2551
300    ^a286 หน้า
710 1  ^aแจ่มใส
945    ^p189^l0^i15033
995    ^aทศพร
999    ^aใช้งานได้ทุกระบบ
รายการนี้ยังไม่มีแท็ก
คุณยังไม่ได้ล็อกอิน คุณสามารถมีกิจกรรมร่วมกับเว็บไซต์ได้ แต่ต้องล็อกอินก่อน ::
  ล็อกอิน

รายการสื่อสารสนเทศ

ลำดับที่ ประเภท เลขเรียก/บาร์โค้ด สถานที่ สถานะ
1. นวนิยาย
นวนิยาย
นว. ณ111ร 2551 ฉ.1 
  Barcode: 15033
ห้องสมุดวิทยาเขตสวรรค์ประชารักษ์
►นวนิยาย
บนชั้น
  ขอยืม

BibComment


ยังไม่เคยถูกคอมเมนท์

คอมเมนท์ทรัพยากรรายการนี้
  คอมเมนท์: Ti Amoรักเธอรสช็..


 Copyright 2026. Bcnsprnw @Library